Cours de droit naturel, ou, De philosophie du droit, complété dans les principales matières, par des aperçus historiques et politiques

Detalles Bibliográficos
Autor principal: Ahrens, Henrich 1808-1874
Formato: Libro
Lenguaje:French
Publicado: Leipzig 1868.
Edición:Sixième édition, entièrement refondue et complétée par la théorie du droit public et du droit de gens
Materias:
Colección:Banco de datos
Acervo:Biblioteca Pública Central del Estado de Durango. Lic. José Ignacio Gallegos Caballero. Colección General
Descripción Física:2 t. 4°
Tema general:Derecho civil
Notas:Portada con pleca. Título de la anteportada: Cours de droit naturel ou de philosophie du droit. Encuadernación en cartón con lomo en piel
LEADER 01249nam a22002050004500
035 |a 78 
041 0 |a fre 
100 1 |a Ahrens, Henrich  |d 1808-1874 
245 1 0 |a Cours de droit naturel, ou, De philosophie du droit, complété dans les principales matières, par des aperçus historiques et politiques  |c par Henri Ahrens, ancien professeur de philsophie et de droit naturel aux Universités de Bruxelles et de Gratz professeur de philosophie et des sciences politiques a l'Université de Leipzig, chevalier, etc. 
250 |a Sixième édition, entièrement refondue et complétée par la théorie du droit public et du droit de gens 
260 |a Leipzig  |b F. A. Brockhaus  |c 1868. 
300 |a 2 t.  |c 4° 
500 |a Portada con pleca. Título de la anteportada: Cours de droit naturel ou de philosophie du droit. Encuadernación en cartón con lomo en piel 
505 0 0 |a t. 2 Contenant la partie spéciale 
650 1 0 |a Derecho civil 
740 0 |a De philosophie du droi complété dans les principales matières, par des aperçus historiques et politiques 
949 |a CG. t. 2 (5977) 
942 |c DURANGEN 
943 |g Biblioteca Pública Central del Estado de Durango. Lic. José Ignacio Gallegos Caballero. Colección General 
999 |c 1075882  |d 1075882